Fantasmi americani /

Guardat en:
Dades bibliogràfiques
Autor principal: Carter, Angela (Autor)
Altres autors: Iuli, Maria Cristina, Tranfo, Angela
Format: Llibre
Idioma:italià
Publicat: Milano : Anabasi, 1994
Col·lecció:Aracne ; 23
Etiquetes: Afegir etiqueta
Sense etiquetes, Sigues el primer a etiquetar aquest registre!

MARC

LEADER 00000nam a22000007i 4500
001 IT\ICCU\RAV\0234962
003 ItRI
005 20260115231908.0
008 940415s1994 it |||||| ||||| |||||c
015 |2 IT  |a 94-9335 
020 |a 8841710241 
040 |b ita  |c importazione bologna sebina 
041 7 |a ita  |2 ISO-639-2 
082 |a 823.914  |9 Narrativa inglese. 1945-  |2 20 
100 1 |a Carter, Angela  |0 IT\ICCU\CFIV\030309  |4 aut 
240 1 0 |a American ghosts & Old World wonders. -  |3 IT\ICCU\RAV\0235290  |9 Carter, Angela 
245 1 0 |a Fantasmi americani /  |c Angela Carter ; traduzione dall'inglese di Maria Cristina Iuli e Angela Tranfo. 
260 |a Milano :  |b Anabasi,  |c 1994 
300 |a 165 p. ;  |c 22 cm. 
700 1 |a Iuli, Maria Cristina  |0 IT\ICCU\RAVV\087010 
700 1 |a Tranfo, Angela  |0 IT\ICCU\RAVV\087011 
790 1 |a Stalker, Angela Olive  |3 IT\ICCU\SBNV\089448  |z Carter, Angela 
830 0 |a Aracne ;  |v 23  |0 IT\ICCU\TSA\1245420 
942 |2 ddc  |c BK  |n 0 
952 |0 0  |1 0  |4 0  |6 DOC_823_914000000000000_CAR  |7 0  |9 15709  |a BO  |b BO  |d 2026-01-15  |i 10944  |l 0  |o DOC 823.914 CAR  |p BO10944  |r 2026-01-15 23:19:08  |w 2026-01-15  |x [Sebina 5] [1 v.]  |y BK  |z 1 v. 
999 |c 13515  |d 13515